Welcome to CU Library Online Public Access Catalogue (OPAC)

Manual on election adjudication in Ghana. (Record no. 1303)

MARC details
000 -LEADER
fixed length control field 00499cam a2200181 i 4500
001 - CONTROL NUMBER
control field 19459067
005 - DATE AND TIME OF LATEST TRANSACTION
control field 20241118173206.0
008 - FIXED-LENGTH DATA ELEMENTS--GENERAL INFORMATION
fixed length control field 170123e201611 gh 000 0 eng
020 ## - INTERNATIONAL STANDARD BOOK NUMBER
International Standard Book Number 9789988168278
050 00 - LIBRARY OF CONGRESS CALL NUMBER
Classification number KRX2176
Item number .M36 GHA 2016
245 00 - TITLE STATEMENT
Title Manual on election adjudication in Ghana.
250 ## - EDITION STATEMENT
Edition statement Third edition.
300 ## - PHYSICAL DESCRIPTION
Extent 512 pages ;
Dimensions 23 cm
500 ## - GENERAL NOTE
General note Cover title.
650 #0 - SUBJECT ADDED ENTRY--TOPICAL TERM
Topical term or geographic name entry element Election law
Geographic subdivision Ghana.
710 1# - ADDED ENTRY--CORPORATE NAME
Corporate name or jurisdiction name as entry element Ghana.
Subordinate unit Judicial Service,
Relator term issuing body.
942 ## - ADDED ENTRY ELEMENTS (KOHA)
Source of classification or shelving scheme Library of Congress Classification
Koha item type Books
Suppress in OPAC No
999 ## -
-- 1303
-- 1303
Holdings
Withdrawn status Lost status Source of classification or shelving scheme Damaged status Not for loan Collection Home library Current library Shelving location Date acquired Total checkouts Barcode Date last seen Price effective from Koha item type
    Library of Congress Classification     Non-fiction Law Library (Christ Temple) Law Library (Christ Temple) General stacks 11/18/2024   llct00000056 11/18/2024 11/18/2024 Books
    Library of Congress Classification     Non-fiction Law Library (Christ Temple) Law Library (Christ Temple) General stacks 11/18/2024   llct00000057 11/18/2024 11/18/2024 Books
© 2023-2024 Copyright: Central University Libraries. All Rights Reserved | Created by: Mahone Tech Office